Responses for show #4638 - Thursday, November 4, 2004

Ken Jennings game 66.

Contestants

[<< previous game]

Jennifer Knapp, a documentation manager from Norfolk, Virginia

Jerry Taggart, a billing administrator from Holiday, Florida

Ken Jennings, a software engineer from Salt Lake City, Utah (whose 65-day cash winnings total $2,197,000)

[next game >>]

Jeopardy! Round responses

GUNSMOKE
LEAVE IT TO BEAVER
YOU BET YOUR "LIFE"
WHAT'S MY LINE
FATHER KNOWS BEST
'50s TV
    $200 23
Wesson

Jennifer
    $200 21
a dam

Ken
    $200 6
a lifeguard

Ken
    $200 1
(Ebenezer) Scrooge

Ken
    $200 16
Russia

Ken
    $200 11
CBS

Ken
    $400 24
(Jerry: What is 21 guns?)

50

JerryJennifer
    $400 22
rodents

Jerry
    $400 7
Lifetime

Ken
    $400 2
Eliza Doolittle

Jerry
    $400 17
a bar mitzvah

Jerry
    $400 12
Robert Young

Jerry
    $600 25
William McKinley

Ken
    $600 26
Washington, D.C.

Ken
    $600 8
life insurance

Jerry
    $600 3
(Jerry: ...Oh!)

Ishmael

KenJerry
    $600 18
a Founding Father

Jerry
    $600 13
The Honeymooners

Ken
    $800 29
(Jerry: What is Kentucky?)
(Jennifer: What is Massachusetts?)

Michigan

JerryJennifer
Triple Stumper
    $800 27
Canada

Ken
    $800 9
your lifestyle

Ken
    $800 4
Hamlet

Jerry
    $800 19
Andorra

Ken
    $800 14
Jack Benny

Ken
    $1000 30
(Ken: Who is Castro?)

Yasser Arafat

Ken
Triple Stumper
    $1000 28
kits

Ken
    $1000 10
(Jerry: What is a life mold?)

a life mask

KenJerry
    $1,000 5
(Alex: Did you I sound like [*]?)

Sherlock Holmes

Jerry
    $1000 20
existentialism

Ken
    $1000 15
Zorro

Ken

Scores at the first commercial break (after clue 15):

Ken Jerry Jennifer
$5,800 $1,600 $0

Scores at the end of the Jeopardy! Round:

Ken Jerry Jennifer
$10,000 $1,800 -$200

Double Jeopardy! Round responses

KNIGHTS & KNIGHTHOOD
TOP OF THE CHARTS, MA!
"I" LADS
COUNTRY MATTERS
BIBLICAL NAME'S THE SAME
5-LETTER WORDS
    $400 9
a horse

Ken
    $400 1
Marvin Gaye

Ken
    $400 13
(Jerry: What is Ignatius?)

Innocent

KenJerry
    $400 19
Spain

Ken
    $400 2
Adam

Ken
    $400 7
cream

Ken
    $800 18
"The Wind Beneath My Wings"

Ken
    $800 14
Ibsen

Jerry
    $800 20
Thailand

Jerry
    $800 3
Paul

Ken
    $800 8
berth

Jerry
    $1200 24
"We Are The World"

Jerry
    $1200 15
Ionesco

Ken
    $1200 21
Madagascar

Ken
    $1200 4
(Jerry: What is James?)
[Originally ruled incorrect, reversed before clue 10]

Martha

KenJerry
    $7,800 10
(Alex: But before I ask for your wager, we have good news for Jerry. I am constantly amazed by how bright and how knowledgeable in all areas our contestants are. A little while ago, Jerry, in the BIBLICAL NAME'S THE SAME category, you came up with James for Stewart, Graham and Grimes. James Stewart, of course, was an actor. We all knew that. But you're the only one in the building that knew that James Graham was an English general in the 17th century, and James Grimes was one of the senators involved in the impeachment of President Andrew Johnson.)
[Laughter]
(Alex: So, we're gonna give you your money back--)
(Jerry: Okay.)
(Alex: ...and credit you with the correct response. Good for you. You taught us something.)
[Applause]

local

Ken
    $1600 28
[The end-of-round signal sounds.]

an accolade

Triple Stumper
    $1600 25
Earth, Wind & Fire

Jerry
    $1600 16
Washington Irving

Ken
    $7,800 22
Bolivia

Ken
    $1600 5
[ERRATUM: [*] Le Bon's surname has a space in it.]

Simon

Ken
    $1600 11
beard

Ken
    $2000 27
(Alex: Don't tell me, not one of you knew [*]?)

Jacques de Molay

Triple Stumper
    $2000 26
(Ken: What is... "One Of These Nights"?)

"Heartache Tonight"

Ken
Triple Stumper
    $2000 17
Ingres

Jerry
    $2000 23
Lesotho

Ken
    $2000 6
[No applause for Ken's run of the category]

Ezra

Ken
    $2000 12
(Jennifer: What's a spouse?)

catch

Jennifer
Triple Stumper

Scores at the end of the Double Jeopardy! Round:

Ken Jerry Jennifer
$40,000 $9,800 -$2,200
(lock game)

[wagering suggestions for these scores]

Final Jeopardy! Round responses

U.S. TRAVEL AND TOURISM
JerryWhat is the ?
$9,799
KenWhat is the Space Needle?
$10,000
the Space Needle

Final scores:

Ken Jerry Jennifer
$50,000 $1 -$2,200
66-day champion: $2,247,000 2nd place: $2,000 3rd place: $1,000

Game dynamics:

Coryat scores:

Ken Jerry Jennifer
$27,200 $9,800 -$2,200
36 R
(including 2 DDs),
2 W
15 R
(including 1 DD),
5 W
2 R,
2 W

Combined Coryat: $34,800

The J! Archive is created by fans, for fans. The Jeopardy! game show and all elements thereof, including but not limited to copyright and trademark thereto, are the property of Jeopardy Productions, Inc. and are protected under law. This website is not affiliated with, sponsored by, or operated by Jeopardy Productions, Inc. Join the discussion at JBoard.tv.